LIBRARY ONLINE CATALOGUE

Advanced microeconomic theory (Record no. 18335)

MARC details
000 -LEADER
fixed length control field 00517nam a22001817a 4500
008 - FIXED-LENGTH DATA ELEMENTS--GENERAL INFORMATION
fixed length control field 200722b xxu||||| |||| 00| 0 eng d
020 ## - INTERNATIONAL STANDARD BOOK NUMBER
International Standard Book Number 0273731917
040 ## - CATALOGING SOURCE
Original cataloging agency KABU
Transcribing agency KABU
050 ## - LIBRARY OF CONGRESS CALL NUMBER
Classification number HB172
Item number .J44 2011 c. 1
100 ## - MAIN ENTRY--PERSONAL NAME
Personal name Jehle, Geoffrey A.
245 ## - TITLE STATEMENT
Title Advanced microeconomic theory
Statement of responsibility, etc. Geoffrey A. jehle, Philip J. Reny
250 ## - EDITION STATEMENT
Edition statement 3rd ed.
260 ## - PUBLICATION, DISTRIBUTION, ETC. (IMPRINT)
Place of publication, distribution, etc. Harlow, England
Name of publisher, distributor, etc. Pearson
Date of publication, distribution, etc. 2011
300 ## - PHYSICAL DESCRIPTION
Extent xvi, 656 p.
650 ## - SUBJECT ADDED ENTRY--TOPICAL TERM
Topical term or geographic name as entry element Microeconomics
700 ## - ADDED ENTRY--PERSONAL NAME
Personal name Reny, Philip J.
942 ## - ADDED ENTRY ELEMENTS (KOHA)
Source of classification or shelving scheme Library of Congress Classification
Koha item type General Collection
Classification part HB172
Holdings
Withdrawn status Lost status Source of classification or shelving scheme Not for loan Home library Current library Date acquired Cost, normal purchase price Total Checkouts Total Renewals Full call number Barcode Date last seen Date last checked out Copy number Price effective from Koha item type
    Library of Congress Classification   Kabarak, Main Campus Kabarak, Main Campus 22/07/2020 5749.00 5 1 HB172 .J44 2011 c. 1 029939 17/04/2026 31/03/2026 c. 1 22/07/2020 General Collection
    Library of Congress Classification   Kabarak, Main Campus Kabarak, Main Campus 22/07/2020 5749.00 5   HB172 .J44 2011 c. 2 029940 02/08/2024 13/08/2023 c. 2 22/07/2020 General Collection
    Library of Congress Classification   Kabarak, Nakuru City Campus Kabarak, Nakuru City Campus 22/07/2020 5749.00     HB172 .J44 2011 c. 1 029941 22/07/2020   c. 1 22/07/2020 General Collection